| 000 | 00639nam a2200193 4500 | ||
|---|---|---|---|
| 001 | 108630 | ||
| 003 | ES-MaACL | ||
| 005 | 20230906184657.0 | ||
| 007 | t| | ||
| 008 | 061121s1964 sp r ||||1| spa d | ||
| 100 | 1 |
_aMontgomery, H. B. S. _9216270 |
|
| 245 | 1 | 0 |
_aProducción comercial de fresas y espárragos / _cH. B. S. Montgomery y F. A. Secrett; traducido por Jaime Esain Escobar. |
| 260 |
_aZaragoza : _bAcribia, _c1964. |
||
| 300 |
_a151 p. lám. I-VIII. I-IV. : _bil ; _c20 cm. |
||
| 700 | 1 |
_aSecrett, F. A. _9105056 |
|
| 700 | 0 |
_aEsaín Escobar, Jaime. _947449 |
|
| 852 |
_aES-MaACL _jC-25179 _bR.54096 |
||
| 999 |
_c108630 _d108630 |
||